[Event "Memorial Romana Baka OPEN FIDE"]
[Site "Starochorzowski Dom Kultury"]
[Date "2013.10.01"]
[Round "6.9"]
[White "Mucha, Marek"]
[Black "Banasik, Henryk"]
[Result "0-1"]
[WhiteElo "1546"]
[BlackElo "2011"]
[PlyCount "96"]
[EventDate "2013.??.??"]

1. f4 c5 2. e4 e6 3. Nf3 a6 4. b3 b5 5. a4 b4 6. d4 cxd4 7. Qxd4 Nc6 8. Qf2 Nf6
9. Bd3 d5 10. exd5 Qxd5 11. h3 Bc5 12. Be3 Ne4 13. Bc4 Qxc4 14. bxc4 Nxf2 15.
Bxf2 Be7 16. Nbd2 Bf6 17. O-O-O Be7 18. Nb3 f6 19. Rhe1 Kf7 20. Nc5 Rd8 21. Ne4
Bb7 22. Nc5 Bc8 23. Rxd8 Nxd8 24. Ne4 Bb7 25. c5 Rc8 26. Nfd2 Bc6 27. a5 f5 28.
Nd6+ Bxd6 29. cxd6 Ba4 30. c4 bxc3 31. Nf3 Rb8 32. Bc5 c2 33. Bb6 h6 34. Re3
Nc6 35. Ne5+ Nxe5 36. fxe5 Rc8 37. Rd3 Ke8 38. Bc7 Kd7 39. Ra3 Bc6 40. Kxc2
Bxg2 41. Kd2 g5 42. Ke1 g4 43. hxg4 fxg4 44. Ra4 Rg8 45. Rf4 Rg7 46. Rc4 Bd5
47. Rc3 Rg5 48. Bb6 Rxe5+ 0-1

[Event "Memorial Romana Baka OPEN FIDE"]
[Site "Starochorzowski Dom Kultury"]
[Date "2013.10.01"]
[Round "6.10"]
[White "Ochowicz, Jakub"]
[Black "Wiecek, Pawel"]
[Result "0-1"]
[WhiteElo "1619"]
[BlackElo "1957"]
[PlyCount "83"]
[EventDate "2013.??.??"]

1. e4 e5 2. Nf3 Nf6 3. Nxe5 d6 4. Nf3 Nxe4 5. Nc3 Nxc3 6. dxc3 Be7 7. Be2 Nd7
8. O-O Ne5 9. Bf4 Nxf3+ 10. Bxf3 O-O 11. Qd2 Rb8 12. Rfe1 Bf6 13. Re2 Be6 14.
Bd5 Qd7 15. Bxe6 fxe6 16. Qe3 e5 17. Bg3 a6 18. Qd3 Qc6 19. Re4 d5 20. Rg4 Rbe8
21. h3 e4 22. Qd2 Be5 23. Bxe5 Rxe5 24. Rf4 Rfe8 25. Re1 Qd6 26. Qe3 c5 27. Rd1
Rd8 28. Qg3 Qe7 29. Rg4 b6 30. Qe3 Re8 31. Qh6 g6 32. Qe3 Kg7 33. Rf4 g5 34.
Rg4 h5 35. Rg3 Qf6 36. Re1 Rf5 37. Qe2 Kg6 38. f3 Rfe5 39. Qf2 e3 40. Qe2 Qf4
41. Qd3+ Kh6 42. Rxg5 0-1

[Event "Memorial Romana Baka OPEN FIDE"]
[Site "Starochorzowski Dom Kultury"]
[Date "2013.10.01"]
[Round "6.11"]
[White "Kostowski, Andrzej"]
[Black "Szczecina, Kamil"]
[Result "0-1"]
[WhiteElo "1684"]
[BlackElo "1894"]
[PlyCount "78"]
[EventDate "2013.??.??"]

1. d4 Nf6 2. c4 e5 3. dxe5 Ng4 4. Nf3 Bc5 5. e3 Nc6 6. Qd5 Qe7 7. a3 a5 8. Nc3
Ngxe5 9. Be2 d6 10. Nxe5 Nxe5 11. b3 O-O 12. Bb2 Be6 13. Qd1 f5 14. Nd5 Qf7 15.
O-O c6 16. Nf4 Bd7 17. Bc3 Qe7 18. Qd2 Bb6 19. b4 Bc7 20. bxa5 Rad8 21. Qa2 Bc8
22. Rad1 Rf6 23. Qb2 Rh6 24. g3 g5 25. Ng2 Nd7 26. Bf3 Nc5 27. Qc2 Qe6 28. Bb4
Ne4 29. Ne1 Qg6 30. Nd3 Be6 31. a4 d5 32. Bc3 g4 33. Bg2 Qh5 34. h3 gxh3 35.
Bxe4 h2+ 36. Kh1 fxe4 37. f4 exd3 38. Qxd3 Bf5 39. Qd4 Be4+ 0-1

[Event "Memorial Romana Baka OPEN FIDE"]
[Site "Starochorzowski Dom Kultury"]
[Date "2013.10.01"]
[Round "6.12"]
[White "Blasiak, Miroslaw"]
[Black "Wojkowski, Mariusz"]
[Result "1-0"]
[WhiteElo "1870"]
[BlackElo "1358"]
[PlyCount "35"]
[EventDate "2013.??.??"]

1. e4 d6 2. d4 Nf6 3. Nc3 g6 4. f4 Bg7 5. Nf3 O-O 6. Bd3 Nc6 7. e5 dxe5 8. fxe5
Nd5 9. Nxd5 Qxd5 10. c3 Bg4 11. O-O e6 12. Qe2 Bf5 13. Bc4 Qe4 14. Qf2 Qc2 15.
Qh4 Qe4 16. Bf4 Na5 17. Ng5 Nxc4 18. Qxh7# 1-0

[Event "Memorial Romana Baka OPEN FIDE"]
[Site "Starochorzowski Dom Kultury"]
[Date "2013.10.01"]
[Round "6.13"]
[White "Jopek, Krzysztof"]
[Black "Klementys, Jerzy"]
[Result "0-1"]
[WhiteElo "1899"]
[BlackElo "1766"]
[PlyCount "116"]
[EventDate "2013.??.??"]

1. d4 Nf6 2. c4 g6 3. Nc3 Bg7 4. e4 d6 5. Nf3 O-O 6. Be2 e5 7. Be3 Nc6 8. d5
Ne7 9. O-O Ne8 10. Ne1 f5 11. f3 f4 12. Bf2 g5 13. Nd3 Ng6 14. c5 h5 15. cxd6
cxd6 16. Rc1 Bd7 17. a4 a6 18. b4 Rc8 19. Nb2 Bh6 20. Nc4 g4 21. Kh1 g3 22. Bg1
gxh2 23. Bf2 h4 24. Rc2 Qg5 25. Be1 h3 26. Bd3 Nh4 27. Bxh4 Qxh4 28. Nb6 Rc7
29. Nxd7 Rxd7 30. gxh3 Rh7 31. Rxh2 Kf7 32. Qe1 Qh5 33. Qf2 Bg5 34. Qg2 Nf6 35.
Rg1 Bh4 36. Ne2 Rg8 37. Qf1 Bg3 38. Rgg2 Bxh2 39. Rxg8 Nxg8 40. Kxh2 Qh4 41. a5
Nf6 42. b5 axb5 43. Bxb5 Ke7 44. Qg2 Kf8 45. Qf1 Nh5 46. Ng1 Qg3+ 47. Kh1 Rg7
48. a6 bxa6 49. Bxa6 Qg5 50. Qf2 Ng3+ 51. Kh2 Rc7 52. Qb2 Kg7 53. Bd3 Qd8 54.
Ne2 Nf1+ 55. Kg1 Ne3 56. Nxf4 Qg5+ 57. Ng2 Rc1+ 58. Kh2 Rc2 0-1

[Event "Memorial Romana Baka OPEN FIDE"]
[Site "Starochorzowski Dom Kultury"]
[Date "2013.10.01"]
[Round "6.14"]
[White "Gromada, Andrzej"]
[Black "Lendla, Janusz"]
[Result "1-0"]
[WhiteElo "1874"]
[BlackElo "1698"]
[PlyCount "55"]
[EventDate "2013.??.??"]

1. Nf3 Nf6 2. c4 g6 3. d4 Bg7 4. Nc3 O-O 5. g3 d6 6. Bg2 Nc6 7. O-O e6 8. Rb1
a6 9. b4 Rb8 10. a4 b6 11. Qd3 d5 12. Rd1 Re8 13. h3 h6 14. b5 Ne7 15. c5 Nd7
16. c6 Nf6 17. Ne5 Nf5 18. Ba3 Bf8 19. Bxf8 Kxf8 20. Kh2 Kg7 21. e3 Nh7 22. Ra1
a5 23. Ra2 f6 24. Nxg6 Qd6 25. Nf4 Ng5 26. Rad2 Ne7 27. h4 Nf7 28. Nh5+ 1-0

[Event "Memorial Romana Baka OPEN FIDE"]
[Site "Starochorzowski Dom Kultury"]
[Date "2013.10.01"]
[Round "6.15"]
[White "Stemplewski, Kamil"]
[Black "Korcz, Daniel"]
[Result "1/2-1/2"]
[WhiteElo "1505"]
[BlackElo "1795"]
[PlyCount "123"]
[EventDate "2013.??.??"]

1. e4 e5 2. Nf3 Nc6 3. Bb5 a6 4. Bxc6 dxc6 5. O-O f6 6. d4 exd4 7. Nxd4 c5 8.
Ne2 Qxd1 9. Rxd1 Bd7 10. Be3 O-O-O 11. Nbc3 b6 12. a4 a5 13. f3 Ne7 14. Nb5 g5
15. Rd2 Bxb5 16. Rxd8+ Kxd8 17. axb5 Ng6 18. Nc3 Bd6 19. Rd1 Ke7 20. Nd5+ Ke6
21. Bd2 Be5 22. Bc3 Rc8 23. Kf2 Bxc3 24. Nxc3 Ne5 25. b3 c4 26. Ne2 cxb3 27.
cxb3 c5 28. f4 Nf7 29. f5+ Ke7 30. Nc3 Rd8 31. Rxd8 Kxd8 32. Nd5 Nd6 33. Ke3
Nxb5 34. Nxf6 Nd4 35. Nd5 b5 36. f6 Ke8 37. e5 Kf7 38. Nc7 a4 39. bxa4 bxa4 40.
Nd5 a3 41. Nc3 Nc6 42. Ke4 Ke6 43. f7 Kxf7 44. Kd5 Nb4+ 45. Kxc5 a2 46. Nxa2
Nxa2 47. Kd6 Nc3 48. e6+ Kf6 49. e7 Nb5+ 50. Kd7 Nc7 51. e8=Q Nxe8 52. Kxe8 g4
53. Kf8 h6 54. Kg8 Kg6 55. Kh8 h5 56. g3 Kh6 57. Kg8 Kg5 58. Kf7 h4 59. Ke6
hxg3 60. hxg3 Kg6 61. Ke5 Kg5 62. Ke6 1/2-1/2

[Event "Memorial Romana Baka OPEN FIDE"]
[Site "Starochorzowski Dom Kultury"]
[Date "2013.10.01"]
[Round "6.16"]
[White "Pasieka, Marcin"]
[Black "Bilczewski, Kacper"]
[Result "1-0"]
[WhiteElo "1514"]
[BlackElo "1781"]
[PlyCount "59"]
[EventDate "2013.??.??"]

1. e4 e6 2. d4 d5 3. Nd2 Nf6 4. e5 Nfd7 5. Bd3 c5 6. c3 Nc6 7. Ne2 cxd4 8. cxd4
f6 9. exf6 Nxf6 10. O-O Bd6 11. Nf3 O-O 12. Bg5 Qc7 13. Bh4 Nh5 14. Qc2 h6 15.
Bh7+ Kh8 16. Bg6 Nf4 17. Nxf4 Rxf4 18. Bg3 Rf6 19. Bh4 Rf8 20. Bg3 Bxg3 21.
fxg3 Bd7 22. Ne5 Rf6 23. Nf7+ Kg8 24. Nxh6+ Kf8 25. Ng4 Rxf1+ 26. Rxf1+ Kg8 27.
Qf2 Qd6 28. Nh6+ gxh6 29. Qf7+ Kh8 30. Qh7# 1-0

[Event "Memorial Romana Baka OPEN FIDE"]
[Site "Starochorzowski Dom Kultury"]
[Date "2013.10.01"]
[Round "6.17"]
[White "Cieraszewski, Piotr"]
[Black "Grabarczyk, Sylwester"]
[Result "1/2-1/2"]
[WhiteElo "1917"]
[BlackElo "1666"]
[PlyCount "77"]
[EventDate "2013.??.??"]

1. d4 d5 2. c4 Nc6 3. Nf3 Bf5 4. Nc3 e6 5. a3 dxc4 6. e3 Na5 7. Ne5 Nb3 8. Ra2
Nxc1 9. Qxc1 c6 10. Nxc4 Nf6 11. b4 Be7 12. Be2 O-O 13. O-O h5 14. h4 Ng4 15.
f3 Nh6 16. g3 Bxh4 17. gxh4 Bh3 18. Qe1 Nf5 19. Bd3 Nxh4 20. Qg3 Bxf1 21. Kxf1
Nf5 22. Bxf5 exf5 23. Rh2 f6 24. Rxh5 Qe7 25. Qg6 b5 26. Rxf5 bxc4 27. Ne4 Qf7
28. Nxf6+ Qxf6 29. Rxf6 Rxf6 30. Qc2 Rxf3+ 31. Ke2 Raf8 32. Qxc4+ Kh7 33. e4
Kg6 34. e5 Rf2+ 35. Ke1 R2f4 36. Kd2 Rf2+ 37. Ke1 R2f4 38. Kd2 Rf2+ 39. Ke1
1/2-1/2

[Event "Memorial Romana Baka OPEN FIDE"]
[Site "Starochorzowski Dom Kultury"]
[Date "2013.10.01"]
[Round "6.18"]
[White "Nowakowski, Jan"]
[Black "Domanski, Lukasz"]
[Result "0-1"]
[WhiteElo "1675"]
[BlackElo "1587"]
[PlyCount "54"]
[EventDate "2013.??.??"]

1. e4 c5 2. Nf3 e6 3. c3 Nf6 4. e5 Nd5 5. d4 cxd4 6. cxd4 d6 7. Be2 Nc6 8. O-O
Qc7 9. Re1 dxe5 10. dxe5 Bc5 11. a3 O-O 12. Bd3 g6 13. Qe2 Rd8 14. h4 h5 15.
Nbd2 Nf4 16. Qe4 Nxd3 17. Rf1 b6 18. Nb3 Ba6 19. Nxc5 Nxc5 20. Qe1 Bxf1 21.
Qxf1 Nxe5 22. Ng5 Ng4 23. g3 Nd3 24. Ne4 Qb7 25. f3 Nxc1 26. Rxc1 Ne5 27. Qb5
Nxf3+ 0-1

[Event "Memorial Romana Baka OPEN FIDE"]
[Site "Starochorzowski Dom Kultury"]
[Date "2013.10.01"]
[Round "6.19"]
[White "Sobek, Piotr"]
[Black "Mandla, Maciej"]
[Result "0-1"]
[WhiteElo "1840"]
[BlackElo "1673"]
[PlyCount "62"]
[EventDate "2013.??.??"]

1. e4 c5 2. d4 cxd4 3. c3 dxc3 4. Nxc3 Nc6 5. Nf3 d6 6. Bc4 e6 7. O-O Be7 8.
Qe2 a6 9. Rd1 b5 10. Bb3 Qc7 11. Bf4 Bb7 12. Rac1 Rd8 13. e5 d5 14. Nd4 Bc5 15.
Nxd5 exd5 16. Rxc5 Nxd4 17. Rxc7 Nxe2+ 18. Kf1 Nxf4 19. Rxb7 Nh6 20. g3 Ne6 21.
Ra7 O-O 22. Rxd5 Rxd5 23. Bxd5 Ng4 24. Rxa6 Nd4 25. a4 Nxe5 26. axb5 Nxb5 27.
Ra5 Nc7 28. Be4 Nc4 29. Rc5 Nd2+ 30. Ke2 Nxe4 31. Rxc7 Rb8 0-1

[Event "Memorial Romana Baka OPEN FIDE"]
[Site "Starochorzowski Dom Kultury"]
[Date "2013.10.01"]
[Round "6.20"]
[White "Grzesiek, Wiktoria"]
[Black "Kotula, Magdalena"]
[Result "0-1"]
[WhiteElo "1434"]
[BlackElo "1563"]
[PlyCount "86"]
[EventDate "2013.??.??"]

1. e4 e5 2. Nf3 Nf6 3. Nxe5 d6 4. Nf3 Nxe4 5. d3 Nf6 6. d4 d5 7. Be2 Bd6 8. O-O
O-O 9. h3 Bf5 10. Be3 Nbd7 11. Nc3 c6 12. Bd3 Ne4 13. Bxe4 dxe4 14. Nd2 Qh4 15.
Nc4 Bb8 16. f4 Nf6 17. Qe1 Qxe1 18. Raxe1 Bc7 19. Ne5 Nd5 20. Bd2 e3 21. Bxe3
Nxe3 22. Rxe3 Bxc2 23. Rc1 Bg6 24. g3 Rad8 25. Nf3 Bb6 26. Rd1 Rfe8 27. Rxe8+
Rxe8 28. Kg2 f6 29. d5 cxd5 30. Rxd5 Rd8 31. f5 Bf7 32. Rxd8+ Bxd8 33. Kf2 Kf8
34. Ke3 Bb6+ 35. Ke4 Bf2 36. g4 Ke7 37. b3 Kd6 38. Nd4 a6 39. Na4 Bd5+ 40. Kd3
Ke5 41. Ne2 Bg2 42. Nac3 Bxh3 43. Ne4 Ba7 0-1

[Event "Memorial Romana Baka OPEN FIDE"]
[Site "Starochorzowski Dom Kultury"]
[Date "2013.10.02"]
[Round "7.1"]
[White "Zylka, Stanislaw"]
[Black "Kuciel, Wladyslaw"]
[Result "1/2-1/2"]
[WhiteElo "1712"]
[BlackElo "1970"]
[PlyCount "100"]
[EventDate "2013.??.??"]

1. e4 c5 2. Nf3 e6 3. d4 cxd4 4. Nxd4 Nc6 5. Nc3 a6 6. Nxc6 bxc6 7. Bd3 d6 8.
O-O Nf6 9. f4 e5 10. Kh1 Be7 11. Qe1 O-O 12. fxe5 dxe5 13. Qg3 Qc7 14. Nd1 Be6
15. b3 Kh8 16. Bb2 Bd6 17. Ne3 Nh5 18. Qg5 Nf4 19. Rxf4 f6 20. Rxf6 Rxf6 21.
Nf5 Bxf5 22. exf5 Rh6 23. Re1 Re8 24. Re4 Qa5 25. a4 Qc5 26. Qd2 Rf6 27. g4 g6
28. Qe3 Qxe3 29. Rxe3 gxf5 30. Bxf5 Kg8 31. Kg2 h5 32. h3 hxg4 33. hxg4 Rh6 34.
Re4 Re7 35. Bc1 Rf6 36. Bg5 Kf7 37. Bxf6 Kxf6 38. Kf3 a5 39. Rc4 Rc7 40. Be4 c5
41. Bf5 Bf8 42. Ke4 Rb7 43. Kd5 Rb6 44. Rc3 Rb4 45. Rc4 Be7 46. Re4 Rd4+ 47.
Kc6 Rb4 48. Re3 c4 49. Rh3 cxb3 50. cxb3 Kg5 1/2-1/2

[Event "Memorial Romana Baka OPEN FIDE"]
[Site "Starochorzowski Dom Kultury"]
[Date "2013.10.02"]
[Round "7.2"]
[White "Stachanczyk, Jacek"]
[Black "Stepaniec, Lukasz"]
[Result "1-0"]
[WhiteElo "2227"]
[BlackElo "1857"]
[PlyCount "107"]
[EventDate "2013.??.??"]

1. e4 c6 2. d4 d5 3. Nc3 dxe4 4. Nxe4 Bf5 5. Ng3 Bg6 6. h4 h6 7. Nf3 Nd7 8. h5
Bh7 9. Bd3 Bxd3 10. Qxd3 Ngf6 11. Bf4 e6 12. O-O-O Be7 13. Kb1 O-O 14. Qe2 a5
15. Ne5 a4 16. Bd2 a3 17. b3 Nb6 18. c4 Qc8 19. Ne4 Nbd7 20. Nxf6+ Nxf6 21. g4
Nh7 22. f4 f6 23. Ng6 Re8 24. Nxe7+ Rxe7 25. g5 hxg5 26. fxg5 e5 27. gxf6 Qf5+
28. Kc1 Qxf6 29. Bb4 Ree8 30. Rhe1 exd4 31. Qxe8+ Rxe8 32. Rxe8+ Kf7 33. Re7+
Kg8 34. Re8+ Kf7 35. Re7+ Kg8 36. Bxa3 b6 37. Re8+ Kf7 38. Re7+ Kg8 39. Re8+
Kf7 40. Ree1 Qg5+ 41. Kb1 c5 42. Rh1 Nf6 43. Bc1 Qg4 44. Rdf1 Qe2 45. a4 Kg8
46. h6 gxh6 47. Rhg1+ Ng4 48. Bxh6 Kh7 49. Bc1 Nf2 50. Re1 Qd3+ 51. Kb2 Qc3+
52. Ka2 Qc2+ 53. Ka3 Ne4 54. Rg4 1-0

[Event "Memorial Romana Baka OPEN FIDE"]
[Site "Starochorzowski Dom Kultury"]
[Date "2013.10.02"]
[Round "7.3"]
[White "Raszka, Janusz"]
[Black "Morkisz, Bogdan"]
[Result "1-0"]
[WhiteElo "2192"]
[BlackElo "2134"]
[PlyCount "59"]
[EventDate "2013.??.??"]

1. e4 e6 2. d4 d5 3. Nd2 Nf6 4. e5 Nfd7 5. Bd3 c5 6. c3 Nc6 7. Ne2 cxd4 8. cxd4
f6 9. exf6 Nxf6 10. Nf3 Bd6 11. O-O Qc7 12. g3 O-O 13. Bf4 Ng4 14. h3 Bxf4 15.
Nxf4 Rxf4 16. gxf4 Qxf4 17. hxg4 e5 18. Nh2 e4 19. Bb5 Ne7 20. Qc1 Qd6 21. Qc5
Qf6 22. Qc7 Ng6 23. Rac1 Be6 24. Bd7 Rf8 25. Qd6 Bxd7 26. Qxd7 Nf4 27. Rc8 Qh6
28. Rxf8+ Kxf8 29. Kh1 g5 30. Rc1 1-0

[Event "Memorial Romana Baka OPEN FIDE"]
[Site "Starochorzowski Dom Kultury"]
[Date "2013.10.02"]
[Round "7.4"]
[White "Zawierucha, Aleksander"]
[Black "Faron, Rafal"]
[Result "0-1"]
[WhiteElo "2008"]
[BlackElo "2021"]
[PlyCount "68"]
[EventDate "2013.??.??"]

1. d4 Nf6 2. c4 g6 3. Nc3 d5 4. Bf4 Bg7 5. Rc1 O-O 6. e3 dxc4 7. Bxc4 c5 8.
dxc5 Qa5 9. Nge2 Qxc5 10. Qb3 Nc6 11. Nb5 Qh5 12. Qa3 e5 13. Bg3 Ne8 14. Nbc3
Nc7 15. Nd5 Nxd5 16. Bxd5 Bd7 17. Nc3 Kh8 18. O-O f5 19. Rfd1 f4 20. Bf3 Bg4
21. Bxg4 Qxg4 22. f3 Qe6 23. Bf2 fxe3 24. Bxe3 Nd4 25. Bxd4 exd4 26. Ne4 Qb6
27. b3 Rae8 28. Qc5 Qa6 29. a4 Qe2 30. Re1 Qb2 31. Qc2 Qa3 32. Ng5 d3 33. Nf7+
Kg8 34. Rxe8 dxc2 0-1

[Event "Memorial Romana Baka OPEN FIDE"]
[Site "Starochorzowski Dom Kultury"]
[Date "2013.10.02"]
[Round "7.5"]
[White "Banasik, Henryk"]
[Black "Rak, Dariusz"]
[Result "1-0"]
[WhiteElo "2011"]
[BlackElo "1885"]
[PlyCount "89"]
[EventDate "2013.??.??"]

1. e4 e5 2. Nf3 Nc6 3. d4 exd4 4. Bc4 Nf6 5. e5 d5 6. Bb5 Ne4 7. Nxd4 Qh4 8.
O-O Bc5 9. Be3 Bd7 10. Bxc6 bxc6 11. f3 Ng5 12. c3 Rb8 13. Qc1 Ne6 14. f4 O-O
15. Nd2 Bb6 16. N2f3 Qh5 17. b4 c5 18. Nxe6 fxe6 19. bxc5 Ba5 20. Nd4 Qg6 21.
Nb3 Rb5 22. Bd4 c6 23. Qa3 Bc7 24. Qxa7 Rc8 25. Rae1 Rbb8 26. Qa6 Ra8 27. Qe2
Rf8 28. Kh1 Bc8 29. Qd2 Ba6 30. Rf3 Bd8 31. h3 h5 32. g3 Kh7 33. Kh2 Kg8 34.
Rf2 Bd3 35. Rg2 Bf5 36. Be3 Bd3 37. Rd1 Bc4 38. Qc2 Qf7 39. Rdd2 g6 40. Qb1 Rb8
41. Rb2 Bc7 42. Nd4 Qd7 43. Rxb8 Rxb8 44. Rb2 Ra8 45. Qxg6+ 1-0

[Event "Memorial Romana Baka OPEN FIDE"]
[Site "Starochorzowski Dom Kultury"]
[Date "2013.10.02"]
[Round "7.6"]
[White "Szczecina, Kamil"]
[Black "Widera, Jan"]
[Result "1-0"]
[WhiteElo "1894"]
[BlackElo "1989"]
[PlyCount "77"]
[EventDate "2013.??.??"]

1. e4 c5 2. Nf3 e6 3. d3 g6 4. g3 d6 5. Bg2 Nc6 6. O-O Bg7 7. Qe2 Nge7 8. c3
O-O 9. Nh4 Qc7 10. f4 f5 11. Nf3 Bd7 12. Be3 b5 13. e5 Nd5 14. d4 dxe5 15. dxe5
Nxe3 16. Qxe3 Ne7 17. Nbd2 Nd5 18. Qf2 Rab8 19. Rfd1 a6 20. Nb3 Rfc8 21. Ng5
Qc6 22. Na5 Qb6 23. c4 bxc4 24. Nxc4 Qb4 25. Rxd5 exd5 26. Bxd5+ Kf8 27. Nxh7+
Ke7 28. g4 Be6 29. Qh4+ Kd7 30. Nf6+ Bxf6 31. Bxe6+ Kxe6 32. Qxf6+ Kd5 33. Qf7+
Ke4 34. Rd1 Rd8 35. Nd6+ Kxf4 36. Qxg6 Rxd6 37. Qxf5+ Ke3 38. Qf2+ Ke4 39. exd6
1-0

[Event "Memorial Romana Baka OPEN FIDE"]
[Site "Starochorzowski Dom Kultury"]
[Date "2013.10.02"]
[Round "7.7"]
[White "Mucha, Piotr"]
[Black "Lis, Mateusz"]
[Result "0-1"]
[WhiteElo "1976"]
[BlackElo "1765"]
[PlyCount "100"]
[EventDate "2013.??.??"]

1. e4 c6 2. d4 d5 3. Nc3 dxe4 4. Nxe4 Bf5 5. Ng3 Bg6 6. h4 h6 7. Nf3 Nd7 8. h5
Bh7 9. Bd3 Bxd3 10. Qxd3 Ngf6 11. Bd2 Qc7 12. O-O-O e6 13. Kb1 O-O-O 14. c4 c5
15. Qe2 Kb8 16. Bc3 Ka8 17. Ne5 Nb6 18. b3 Bd6 19. f4 Rhf8 20. dxc5 Bxc5 21.
Ne4 Nxe4 22. Qxe4 f6 23. Nd3 Bd6 24. Qxe6 Bxf4 25. Nxf4 Qxf4 26. c5 Nc8 27.
Rxd8 Rxd8 28. Ba5 Rf8 29. c6 Qd4 30. cxb7+ Kxb7 31. Rc1 Qd3+ 32. Rc2 Qd1+ 33.
Kb2 Qd4+ 34. Rc3 Qd2+ 35. Ka3 Qd6+ 36. Qxd6 Nxd6 37. Rc7+ Ka6 38. Ka4 Rc8 39.
Rxg7 Ne4 40. Bb4 Nc5+ 41. Ka3 Nd3 42. Rf7 Rc6 43. Be7 Kb5 44. Rxf6 Rc2 45. Bf8
a5 46. Rf5+ Ka6 47. Rf6+ Kb5 48. Rf5+ Ka6 49. Rf6+ Kb5 50. b4 Rc3# 0-1

[Event "Memorial Romana Baka OPEN FIDE"]
[Site "Starochorzowski Dom Kultury"]
[Date "2013.10.02"]
[Round "7.8"]
[White "Wiecek, Pawel"]
[Black "Blasiak, Miroslaw"]
[Result "1/2-1/2"]
[WhiteElo "1957"]
[BlackElo "1870"]
[PlyCount "55"]
[EventDate "2013.??.??"]

1. d4 d5 2. c4 e6 3. Nc3 Nf6 4. Bg5 Be7 5. e3 O-O 6. Rc1 h6 7. Bh4 b6 8. cxd5
exd5 9. Bd3 Be6 10. Nge2 c5 11. O-O a6 12. a4 Nc6 13. Bb1 Nb4 14. Na2 Nxa2 15.
Bxa2 c4 16. Bb1 b5 17. Nf4 g5 18. Nxe6 fxe6 19. Bg3 Qe8 20. axb5 axb5 21. Be5
Qf7 22. f4 Ne4 23. Bxe4 dxe4 24. fxg5 Qxf1+ 25. Qxf1 Rxf1+ 26. Kxf1 Bxg5 27.
Bf4 Kg7 28. Bxg5 1/2-1/2

[Event "Memorial Romana Baka OPEN FIDE"]
[Site "Starochorzowski Dom Kultury"]
[Date "2013.10.02"]
[Round "7.9"]
[White "Matuszczyk, Krystian"]
[Black "Krol, Rafal"]
[Result "1-0"]
[WhiteElo "2019"]
[BlackElo "1771"]
[PlyCount "63"]
[EventDate "2013.??.??"]

1. e4 c6 2. Nc3 d5 3. d3 e6 4. Nf3 Nf6 5. e5 Nfd7 6. d4 c5 7. a3 Nc6 8. Bb5
cxd4 9. Bxc6 dxc3 10. Bxd7+ Bxd7 11. bxc3 Bb5 12. a4 Qa5 13. Bd2 Bc4 14. Nd4
Rc8 15. f4 g6 16. Kf2 Bc5 17. Re1 Rc6 18. Kg3 Ra6 19. h3 Qc7 20. Kh2 b6 21. Kg1
Qd7 22. f5 h5 23. Bg5 Be7 24. Bf6 Rg8 25. Nxe6 fxe6 26. fxg6 Bxf6 27. exf6 Rxg6
28. Qxh5 Qf7 29. Rxe6+ Qxe6 30. Qxg6+ Kf8 31. Qg7+ Ke8 32. f7+ 1-0

[Event "Memorial Romana Baka OPEN FIDE"]
[Site "Starochorzowski Dom Kultury"]
[Date "2013.10.02"]
[Round "7.10"]
[White "Jacel, Lukasz"]
[Black "Rosicki, Marcin"]
[Result "1-0"]
[WhiteElo "1917"]
[BlackElo "1724"]
[PlyCount "53"]
[EventDate "2013.??.??"]

1. e4 e5 2. Nf3 Nc6 3. Nc3 Nf6 4. Bb5 Bb4 5. O-O O-O 6. d3 d6 7. Bg5 Bxc3 8.
bxc3 Qe7 9. Re1 Nd8 10. d4 Ne6 11. Bc1 Rd8 12. Rb1 c5 13. Bf1 d5 14. exd5 Nxd5
15. Rb3 exd4 16. cxd4 cxd4 17. Nxd4 Qh4 18. Nf5 Qf6 19. Qf3 Ng5 20. Bxg5 Qxg5
21. Nd6 Nf4 22. Nxb7 Bxb7 23. Rxb7 Re8 24. Rxe8+ Rxe8 25. g3 Qd5 26. Qxd5 Nxd5
27. Bc4 1-0

[Event "Memorial Romana Baka OPEN FIDE"]
[Site "Starochorzowski Dom Kultury"]
[Date "2013.10.02"]
[Round "7.11"]
[White "Gromada, Andrzej"]
[Black "Mucha, Marek"]
[Result "1-0"]
[WhiteElo "1874"]
[BlackElo "1546"]
[PlyCount "79"]
[EventDate "2013.??.??"]

1. Nf3 Nf6 2. c4 d6 3. d4 g6 4. g3 Bg7 5. Bg2 O-O 6. Nc3 c6 7. O-O Na6 8. a3
Nh5 9. Qc2 Rb8 10. b4 Nc7 11. e4 d5 12. cxd5 cxd5 13. e5 Bf5 14. Qb3 Qd7 15.
Be3 Bd3 16. Rfe1 Bc4 17. Qd1 f5 18. exf6 exf6 19. Qd2 Ne8 20. h3 Bh8 21. g4
Nhg7 22. Bf4 Rd8 23. Bg3 Nd6 24. Rac1 Ne6 25. Kh1 Bg7 26. Rcd1 Bb3 27. Ra1 Nc4
28. Qd3 Nb6 29. Kg1 Bh6 30. Qb5 Qf7 31. Qd3 Nf4 32. Bxf4 Bxf4 33. Nd2 Bc4 34.
Qc2 Bb8 35. Nf3 Qc7 36. Qd2 Nc8 37. Re6 Qd7 38. Rae1 Be5 39. Nxe5 Qxe6 40. Nxc4
1-0

[Event "Memorial Romana Baka OPEN FIDE"]
[Site "Starochorzowski Dom Kultury"]
[Date "2013.10.02"]
[Round "7.12"]
[White "Klementys, Jerzy"]
[Black "Pasieka, Marcin"]
[Result "0-1"]
[WhiteElo "1766"]
[BlackElo "1514"]
[PlyCount "132"]
[EventDate "2013.??.??"]

1. d4 Nf6 2. c4 e6 3. Nc3 Bb4 4. Qc2 O-O 5. a3 Bxc3+ 6. Qxc3 b6 7. f3 d5 8. Bg5
dxc4 9. Qxc4 Ba6 10. Qa4 Qd7 11. Qxd7 Nbxd7 12. Rc1 Rac8 13. b4 c5 14. dxc5
bxc5 15. Bxf6 gxf6 16. Ra1 Rc7 17. Nh3 Rfc8 18. Nf4 cxb4 19. axb4 Rc1+ 20. Rxc1
Rxc1+ 21. Kd2 Ra1 22. g4 Ra4 23. Kc3 Ra3+ 24. Kb2 Re3 25. Ng2 Re5 26. e4 Bxf1
27. Rxf1 Kf8 28. Ra1 f5 29. Rxa7 fxe4 30. fxe4 Nf6 31. Kc3 Rxe4 32. g5 Nd5+ 33.
Kd3 Rxb4 34. Ne1 Rb3+ 35. Kd4 Rb4+ 36. Kc5 Re4 37. Nd3 Kg7 38. Kd6 Ne3 39. Nc5
Rd4+ 40. Ke7 Nf5+ 41. Ke8 Nd6+ 42. Kd8 Nb5+ 43. Rd7 Rxd7+ 44. Kxd7 Nd4 45. Ne4
Nf3 46. h3 Kg6 47. Ke7 Nxg5 48. Nd6 Nxh3 49. Nxf7 Nf4 50. Ne5+ Kf5 51. Nf3 h5
52. Nd4+ Kg4 53. Kf6 h4 54. Nc2 h3 55. Ne3+ Kf3 56. Nf1 Kf2 57. Nh2 Kg2 58. Ng4
Kg3 59. Kg5 Nd3 60. Ne3 e5 61. Kf5 Kf3 62. Nf1 e4 63. Nd2+ Kg2 64. Kxe4 Nf2+
65. Kf4 h2 66. Nc4 h1=Q 0-1

[Event "Memorial Romana Baka OPEN FIDE"]
[Site "Starochorzowski Dom Kultury"]
[Date "2013.10.02"]
[Round "7.13"]
[White "Wojkowski, Mariusz"]
[Black "Kostowski, Andrzej"]
[Result "1/2-1/2"]
[WhiteElo "1358"]
[BlackElo "1684"]
[PlyCount "115"]
[EventDate "2013.??.??"]

1. e4 c5 2. Nf3 g6 3. d4 e6 4. c3 b6 5. Be3 Bb7 6. Nbd2 Nf6 7. Bd3 Be7 8. O-O
O-O 9. h3 d6 10. Qe2 Ne8 11. e5 Nd7 12. Ne1 dxe5 13. dxe5 Ng7 14. f4 Qc7 15.
Nef3 Nh5 16. Qf2 Rad8 17. Be4 Ba6 18. Rfd1 Nb8 19. Nf1 Rxd1 20. Rxd1 Rd8 21.
N3d2 Qd7 22. Bf3 Ng7 23. Ne4 Qc7 24. Rxd8+ Qxd8 25. Qd2 Qc7 26. Nfg3 h5 27. Ne2
Nf5 28. Bf2 Nd7 29. N2g3 Nh4 30. Bd1 Kg7 31. Nd6 Kf8 32. Ba4 Bxd6 33. exd6 Qd8
34. Ne4 Nf5 35. Ng3 Ng7 36. Qe3 Ne8 37. Ne4 Bb7 38. Bh4 Qc8 39. Be7+ Kg7 40.
Ng5 Bc6 41. Bc2 Qb7 42. Nxe6+ fxe6 43. Qxe6 Ndf6 44. Bb3 Nd5 45. Bxd5 Bxd5 46.
d7 Bxe6 47. dxe8=Q Qd5 48. Qf8+ Kh7 49. Bg5 Bf5 50. Qe7+ Kg8 51. Bh6 Qf7 52.
Qe5 Be6 53. a3 Bd5 54. Bg5 Kh7 55. Kf2 Qb7 56. g3 Bh1 57. Qe7+ Qxe7 58. Bxe7
1/2-1/2

[Event "Memorial Romana Baka OPEN FIDE"]
[Site "Starochorzowski Dom Kultury"]
[Date "2013.10.02"]
[Round "7.14"]
[White "Grabarczyk, Sylwester"]
[Black "Stemplewski, Kamil"]
[Result "1/2-1/2"]
[WhiteElo "1666"]
[BlackElo "1505"]
[PlyCount "39"]
[EventDate "2013.??.??"]

1. e4 c5 2. Nc3 d6 3. g3 Nc6 4. Bg2 Nf6 5. Nf3 g6 6. d3 Bg7 7. O-O O-O 8. Rb1
Rb8 9. Ng5 Bd7 10. Nd5 e6 11. Ne3 b5 12. f4 e5 13. f5 Ne7 14. Qe1 Qb6 15. Kh1
h6 16. Nh3 Kh7 17. g4 g5 18. Nd5 Nfxd5 19. exd5 Bf6 20. Bd2 1/2-1/2

[Event "Memorial Romana Baka OPEN FIDE"]
[Site "Starochorzowski Dom Kultury"]
[Date "2013.10.02"]
[Round "7.15"]
[White "Domanski, Lukasz"]
[Black "Ochowicz, Jakub"]
[Result "0-1"]
[WhiteElo "1587"]
[BlackElo "1619"]
[PlyCount "48"]
[EventDate "2013.??.??"]

1. e4 c6 2. d4 d5 3. Nc3 dxe4 4. Nxe4 Bf5 5. Ng3 Bg6 6. h4 h6 7. Nf3 Nd7 8. h5
Bh7 9. Bd3 Bxd3 10. Qxd3 e6 11. Qe2 Ngf6 12. Bd2 Qc7 13. O-O-O O-O-O 14. Ne5
Nxe5 15. dxe5 Nd7 16. f4 Be7 17. Be3 Qa5 18. Kb1 Bc5 19. Ne4 Qb4 20. Bxc5 Nxc5
21. Nd6+ Rxd6 22. exd6 Na4 23. d7+ Kd8 24. Qe3 Qxb2# 0-1